000 00516nam a2200193Ia 4500
003 LK-CoDNM
005 20241203115206.0
008 010623t1972 xxu||||| |||| 00| 1 sin d
040 _aLK-CoDNM
_dLK-CoDNM
_eLK-CoDNM
041 _asin
080 _a294.38
_bSED
100 _aSri Seddharta himi,Madugalle
245 _aපිරුවානා පොත් වහන්සේ
246 _aPiruwana Poth Wahanse
260 _bRathnakara
_c1972
300 _b176p ; 21 cm
650 _aBuddhism
942 _cBK
999 _c108882
_d108882